| 000 | 01005nmm a2200361 a 4500 | ||
|---|---|---|---|
| 003 | AR-BaBNM | ||
| 005 | 20251128205902.0 | ||
| 008 | 038019s1996 ||||||||||||||000 | spa|| | ||
| 020 | _a84-86475-51-1 | ||
| 040 | _cAR-BaBNM | ||
| 245 | 1 | 0 |
_aLa educación infantil 0-6 años _bexpresión y comunicación _n2 |
| 250 | _a3ª ed. | ||
| 260 |
_aBarcelona _bPaidotribo _c1996 |
||
| 300 | 0 |
_a362 p. _bil. |
|
| 504 | _aBibliografía al final de cada capítulo | ||
| 650 | 4 | _aEDUCACION MUSICAL | |
| 650 | 4 | _aENSENANZA DE LAS MATEMATICAS | |
| 650 | 4 | _aEXPRESION ORAL | |
| 650 | 4 | _aPSICOMOTRICIDAD | |
| 650 | 4 | _aLENGUA | |
| 650 | 4 | _aRITMO | |
| 650 | 4 | _aCONCEPTOS MATEMATICOS | |
| 650 | 4 | _aCONCEPTOS GEOMETRICOS | |
| 650 | 4 | _aCALCULO | |
| 653 | 0 | _aEDUCACION PLASTICA | |
| 653 | 0 | _aEXPRESION CORPORAL | |
| 653 | 0 | _aJARDINES DE INFANTES | |
| 653 | 0 | _aJARDINES MATERNALES | |
| 653 | 0 | _aEDUCACION INICIAL | |
| 700 | 1 |
_aLleixá Arribas, Teresa _ecoordinador |
|
| 942 | _cBK | ||
| 998 | _cCarmen | ||
| 999 |
_c13156 _d13156 |
||